000 01470pam a22003971i 4500
999 _c5563
_d5563
001 020283411
003 Uk
005 20251003080029.0
006 m || d |
007 cr |||||||||||
008 210604s2021 enka jo 000|f|eng|d
020 _a9781444954395
040 _aStDuBDS
_beng
_cStDuBDS
_dUk
_dKH8
_erda
_epn
042 _aukblsr
082 _aFIC FAR
100 1 _aFarnaby, Simon,
_eauthor.
245 1 4 _aThe warrior in my wardrobe :
_bmore misadventures with Merdyn the wild! /
_cSimon Farnaby ; illustrated by Claire Powell.
264 1 _aLondon :
_bHodder Children's Books,
_c2021.
300 _a296 pages :
_billustrations ;
_c20 cm.
336 _atext
_2rdacontent
336 _astill image
_2rdacontent
337 _acomputer
_2rdamedia
338 _aonline resource
_2rdacarrier
490 0 _aThe Misadventures of Merdyn the Wild
588 _aDescription based on CIP data; resource not viewed.
650 7 _aHumorous stories (Children's / Teenage).
_2bicssc
650 7 _aFantasy & magical realism (Children's / Teenage).
_2bicssc
650 7 _aHistorical fiction (Children's / Teenage).
_2bicssc
650 7 _aJUVENILE FICTION
_xHumorous Stories.
_2bisacsh
650 7 _aJUVENILE FICTION
_xFantasy & Magic.
_2bisacsh
650 7 _aJUVENILE FICTION
_xHistorical
_xMedieval.
_2bisacsh
655 0 _aChildren's stories.
700 1 _aPowell, Claire,
_eillustrator.
776 0 8 _iPrint version :
_z9781444958805
942 _2ddc
_cFIC